O veado (Registo nº 4189)

Detalhes MARC
000 -Etiqueta do registo
Cabeçalho 00759nam0a2200277 4500
005 - Identificador da versão
Campo de controlo 20240813122055.0
010 ## - Número internacional normalizado dos livros (ISBN)
Número (ISBN) 9722615734
021 ## - Número do Depósito Legal
Código do país PT
Número 131247-99
100 ## - Dados gerais de processamento
Dados gerais de processamento 20170113d1999 b y0pory5003 ba
102 ## - Pais de publicação ou produção
País de publicação Portugal
101 1# - Língua de publicação
Língua do texto, banda sonora, etc. Português
Língua do documento no original Inglês
106 ## - Campo de dados codificados: material textual
Dados codificados do material textual r
105 ## - Campo de dados codificados: livros
Dados codificados dos livros a z 000yy
215 ## - Descrição física 
Indicação específica da natureza do documento e extensão da espécie [19] p.
Outras indicações físicas todo il. color
200 1# - Titulo e menção de responsabilidade
Título próprio O veado
Primeira menção de responsabilidade texto de Marie Duval
Outras menções de responsabilidade il. de Pierre Couronne
225 1# - Colecção 
Título próprio da colecção Conhecer
210 ## - Publicação, Distribuição, etc. 
Lugar da edição, distribuição, etc. [Lisboa]
Nome do editor, distribuidor, etc. Civilização
Data da publicação, distribuição, etc. D. L. 1999
606 ## - Nome comum usado como assunto
Número de registo de entrada de autoridade 0001419
Palavra de ordem Literatura francesa
Subdivisão de assunto Conto
Código do sistema CA
675 ## - Classificação Decimal Universal (CDU)
Notação 821.133.1-34
Edição 3ª ed.
Língua da edição por
702 #1 - Nome de autor-pessoa física (responsabilidade secundária)
Número de registo de entrada de autoridade 0001603
Palavra de ordem Couronne
Outra parte do nome não tomada para palavra de ordem Pierre
Código de função Ilustrador / Técnico de desenho computorizado
700 #1 - Nome de autor-pessoa física (responsabilidade principal)
Número de registo de entrada de autoridade 0000831
Palavra de ordem Duval
Outra parte do nome não tomada para palavra de ordem Marie
966 ## - Identificação da Biblioteca
Sigla EBVEN
942 ## - Elementos de entrada adicionados (Koha)
Tipo de item no Koha Livro
Exemplares
Situação do levantamento Origin of item (home branch) (coded) Biblioteca de empréstimo Código de barras Cota Circulation type (not for loan) Tipo de documento Nota do exemplar Damaged status
  Biblioteca Escolar das Vendas Biblioteca Escolar das Vendas BEV81 8EST DUV   Livro Sem mensagem